Pražská městská statistika. Příspěvek na konferenci SCORUS 1992 Praha.

Historické údaje o 120 ročnej existencii mestskej štatistiky v Prahe. Počas komunistického režimu sa aj kvalitné štatistické dáta nezverejňovalli. Mimoriadne vysoký počet interupcií v Prahe po ich povolení. Medzinárodná spolupráca ako nevyhnutná podmienka zlepšenia kvality v budúcnosti.

Gespeichert in:
Bibliographische Detailangaben
1. Verfasser: Tuček, J.
Format: Buchkapitel
Sprache:Tschechisch
Schlagworte:
Tags: Tag hinzufügen
Keine Tags, Fügen Sie das erste Tag hinzu!

MARC

LEADER 00000naa a2200000 4500
001 r011290
005 20220831091009.8
041 0 |a cze 
044 |a [CS] 
245 1 0 |a Pražská městská statistika.  |b Příspěvek na konferenci SCORUS 1992 Praha.  |c J. Tuček 
520 |a Historické údaje o 120 ročnej existencii mestskej štatistiky v Prahe. Počas komunistického režimu sa aj kvalitné štatistické dáta nezverejňovalli. Mimoriadne vysoký počet interupcií v Prahe po ich povolení. Medzinárodná spolupráca ako nevyhnutná podmienka zlepšenia kvality v budúcnosti. 
610 2 0 |a Praha 
610 2 0 |a konferencie 
610 2 0 |a 1992 
610 2 0 |a SCORUS 
610 2 0 |a štatistika 
610 2 0 |a mestá 
100 1 |a Tuček, J.